Acheron Victors - Statistics

General Stats
  • This quiz has been taken 11 times
    10 since last reset
  • The average score is 6 of 27
Answer Stats
Country Player % Correct
USA Trick
83%
USA (Verifier) Zoink
83%
USA (First Victor) Doggie
67%
USA wPopoff
67%
Portugal Taiago
33%
Russia Arshadow
17%
Poland Gokill
17%
Austria Hover
17%
Russia Light
17%
Germany Mizukii
17%
Moldova mo1ik
17%
USA Netermind
17%
USA OneAlphaHelix
17%
Colombia RaeveZ
17%
Ukraine SerVax
17%
Australia SnowBallerr
17%
Russia TheRealEandis
17%
Norway Zeroxy
17%
Canada Finley
0%
USA hstorm
0%
Russia microforest
0%
Chile PaltaDash
0%
USA Ronrjkw
0%
Russia ROZE GD
0%
Russia takma
0%
Russia teraaa
0%
Russia w3rty
0%
No matching quizzes found
Score Distribution
Percent of People with Each Score
Percentile by Number Answered
Your Score History
You have not taken this quiz since the last reset